000 00906nam a22002537a 4500
001 2162214035926692
003 UA-OsUOA
005 20260323102022.0
008 260323b -ukao||| |||| 00| 0 eng d
020 _a9781405822596
040 _aUA-OsUOA
_beng
_cUA-OsUOA
_dUA-OsUOA
041 _aeng
080 _a811.111
090 _a811.111
_bC59
100 _aClare A.
_924562
245 _aTotal English Advanced. Workbook (with key)
_cAntonia Clare, J. J. Willson
260 _aHarlow
_bPearson Education Limited
_c2007
300 _a95 p.
_bwith CD-ROM
520 _aTotal English is a new course for young adults and adults. It provides solutions to the challenges teachers and students face every day with a complete package of effective, easy-to-uae resources.
650 _a811.111 Англійська мова
_930
700 1 _aWillson J. J.
_924571
942 _cBK
_2udc
955 _a2
999 _c283549
_d283549